Derecho de los consumidores y usuarios de servicios financieros : gua̕ prc̀tica /

Detalles Bibliográficos
Autor principal: Aznar Martn̕, Jos ̌Mara̕
Otros Autores: Vz̀quez Torres, ℓngel Luis
Formato: Libro
Lenguaje:español
Publicado: Barcelona : Ediciones Experiencia, 2013
Materias:
Acceso en línea:Acceso restringido

MARC

LEADER 00000nam a2200000 a 4500
005 20140321151939.0
007 cr|||| ||||
008 130529s2013 spc|||||| |00| ||spa|d
020 |a 9788415179740 
035 |a 11820 
040 |a ES-BaBC  |b cat  |c ES-BaBC  |d vLex 
080 |a 336.01:339.133 
090 |c 4729  |d 4729 
100 1 |a Aznar Martn̕, Jos ̌Mara̕ 
245 1 0 |a Derecho de los consumidores y usuarios de servicios financieros :  |h [Recurso electrn̤ico] :  |b gua̕ prc̀tica /  |c Jos ̌Mara̕ Aznar Martn̕, ℓngel Luis Vz̀quez Torres 
256 |a Servicio en ln̕ea 
260 |a Barcelona :  |b Ediciones Experiencia,  |c 2013 
300 |a 1 Recurso electrn̤ico 
506 1 |a Contenido solo disponible en los productos indicados  |d vLex Global  |d vLex Global (Academic Edition, excluding Law Schools)  |d vLex Global (U.S. Academic Edition, Law Schools)  |d vLex Global (U.S. Academic Edition, excluding Law Schools)  |d vLex Global (Academic Edition, Law Schools) 
650 0 4 |a Consumidores  |x Proteccin̤  |x Derecho y legislacin̤ 
650 0 4 |a Servicios financieros 
700 1 |a Vz̀quez Torres, ℓngel Luis 
740 0 |a vLex Libros (Servicio en ln̕ea) 
856 4 0 |u http://vlex.com/source/derechos-consumidores-usuarios-de-servicios-financieros-guia-practica-11820  |z Acceso restringido 
942 |c BOOK 
999 0 |a Consumers 
999 0 |a Financial services industry